000 00308nam a2200133 i 4500
001 bg
100 1 _aPOBEDRJA, B. E.
245 0 _aLekcii po tenzornomu analizu /
_cB.E. Pobedrja.
260 _aMoskva,
_c1974.
040 _cBPK
041 _apol
942 _cKS
008 s pl f |000 0 pol
999 _c26743
_d26743
856 _uhttp://koha.tu.koszalin.pl/cgi-bin/koha/opac-detail.pl?biblionumber=26743
_yKatalog online BPK